[Event "GER-chT U10"]
[Site "Magdeburg"]
[Date "2015.12.29"]
[Round "7.1"]
[White "Willberg, Marek"]
[Black "Graw, Alexander"]
[Result "1-0"]
[WhiteElo "900"]
[BlackElo "1008"]
[PlyCount "59"]
[EventDate "2015.12.27"]
[EventType "team-swiss"]
[EventRounds "7"]
[EventCountry "GER"]
[SourceTitle "EXT 2017"]
[Source "ChessBase"]
[SourceDate "2016.10.25"]
[SourceVersion "1"]
[SourceVersionDate "2016.10.25"]
[SourceQuality "1"]
[WhiteTeam "Leipzig Gruen Weiss II"]
[BlackTeam "Hettstedt"]
[WhiteTeamCountry "GER"]
[BlackTeamCountry "GER"]

1. e4 e5 2. Nf3 d6 3. Bc4 Nf6 4. Nc3 Bg4 5. d3 Be7 6. Be3 0-0 7. 0-0 Nbd7 8. Qe2 h6 9. d4 exd4 10. Bxd4 c5 11. Be3 Ne5 12. Bf4 Nxc4 13. Qxc4 Bxf3 14. gxf3 Nh5 15. Bg3 Bh4 16. Ne2 Bxg3 17. fxg3 Re8 18. Rad1 Qb6 19. Qd5 Red8 20. Qxh5 Rac8 21. b3 Re8 22. Kg2 Re5 23. Qg4 Qc7 24. Rxd6 Qxd6 25. Qxc8+ Kh7 26. Qxb7 Qd2 27. Rf2 Qxc2 28. Qxa7 f6 29. Qa4 Re6 30. Nf4 1-0